Statistiques concernant Intercommunalités de la Réunion

Cliquez ici pour prendre le quiz!

Statistiques générales

  • Ce quiz a été pris 9 fois
  • Le résultat moyen est 4 sur 5

Statistiques - réponses

Nombres de CommunesIntercommunalités% Correct
03Communauté intercommunale du Nord de La Réunion
100%
06Communauté intercommunale Réunion Est
89%
05Territoire de la Côte Ouest
89%
04Communauté d'agglomération du Sud
78%
06Communauté intercommunale des Villes solidaires
78%

Distribution des résultats

Percentile par nombre de réponses

% des personnes avec chaque résultat

Votre développement - résultats

Vous n’avez pas pris ce quiz